[Event "Masters 2006-7"]
[Site "Hastings ENG"]
[Date "2007.01.04"]
[Round "8"]
[White "Lalic,B"]
[Black "Cherniaev,A1"]
[Result "1/2-1/2"]
[WhiteElo "2491"]
[BlackElo "2472"]

1.d4 d6 2.e4 Nf6 3.Nc3 e5 4.Nf3 Nbd7 5.Bc4 Be7 6.O-O h6 7.a4 c6 8.Re1 a5
9.Ba2 Qc7 10.h3 g5 11.Be3 Nf8 12.Nd2 Ng6 13.Nc4 Ra6 14.Qd2  1/2-1/2

[Event "Open"]
[Site "Verona ITA"]
[Date "2007.01.04"]
[Round "3"]
[White "Martorelli,A"]
[Black "Jurkovic,A"]
[Result "1-0"]
[WhiteElo "2261"]
[BlackElo "2348"]

1.e4 d6 2.d4 Nf6 3.Nc3 Nbd7 4.Nf3 e5 5.g4 exd4 6.Qxd4 c6 7.Rg1 d5 8.e5 Bc5
9.Qf4 Ng8 10.Be3 Ne7 11.Bd3 O-O 12.O-O-O Ng6 13.Qg3 Bxe3+ 14.fxe3 Qe7 15.Bxg6 hxg6
16.e4 dxe4 17.Nxe4 f6 18.Rge1 Nxe5 19.Neg5 fxg5 20.Rxe5 Qf6 21.Nxg5 Bxg4
22.Qxg4 Qxe5 23.Qc4+  1-0

[Event "Petrovskaya Ladya IM"]
[Site "Peterhof RUS"]
[Date "2007.01.05"]
[Round "3"]
[White "Romcovici,V"]
[Black "Markosian,D"]
[Result "0-1"]
[WhiteElo "2288"]
[BlackElo "2336"]

1.e4 d6 2.d4 Nf6 3.Nc3 e5 4.Nf3 Nbd7 5.Bc4 Be7 6.h3 O-O 7.O-O c6 8.a4 a5
9.Be3 exd4 10.Bxd4 Qc7 11.Nd2 Re8 12.f4 b6 13.g4 g6 14.Qf3 Ba6 15.Rae1 Bxc4
16.Nxc4 d5 17.Ne5 dxe4 18.Nxe4 Nxe4 19.Rxe4 Nc5 20.Re2 Bd6 21.g5 Ne6 22.Bc3 Bc5+
23.Kg2 Nd4 24.Bxd4 Bxd4 25.Rfe1 Bxe5 26.Rxe5 Rxe5 27.Rxe5 Qd7 28.Qe3 c5 29.b3 Rd8
30.Kg3 Kf8 31.Qc3 Qd4 32.Qxd4 Rxd4 33.Kf3 Rd2 34.Re2 Rd1 35.Ke4 Ke7 36.f5 Kd6
37.f6 Rd5 38.Kf4 Rf5+ 39.Kg4 Re5 40.Rd2+ Kc7 41.h4 Re4+ 42.Kg3 c4 43.Kh3 cxb3
44.cxb3 Re3+ 45.Kg2 Rxb3 46.Re2 Rd3 47.Re7+ Rd7 48.Re8 Kd6 49.Rb8 Kc5 50.Re8 b5
51.axb5 Kxb5 52.Rb8+ Ka6 53.Re8 a4 54.Re7 Rb7 55.Re5 a3 56.Re3 Rb2+ 57.Kf3 a2
58.Ra3+ Kb5 59.Ke4 Rb4+  0-1

[Event "Open"]
[Site "Verona ITA"]
[Date "2007.01.06"]
[Round "5"]
[White "Tommasi,D"]
[Black "Jurkovic,A"]
[Result "0-1"]
[WhiteElo "2204"]
[BlackElo "2348"]

1.e4 d6 2.d4 Nf6 3.Nc3 Nbd7 4.Nf3 e5 5.Bc4 Be7 6.O-O O-O 7.a4 a5 8.Re1 c6
9.b3 h6 10.Ba3 Re8 11.dxe5 dxe5 12.Bxe7 Qxe7 13.Qd2 Nc5 14.h3 Nh7 15.Rad1 Ng5
16.Nxg5 Qxg5 17.Qe3 Qxe3 18.Rxe3 Kf8 19.Re2 Be6 20.Bxe6 Nxe6 21.Red2 Nc5
22.Kf1 Ke7 23.Ke2 h5 24.h4 Rec8 25.Ke3 Rc7 26.Nb1 Rb8 27.Nc3 f6 28.f3 b6
29.g3 Rd7 30.Rxd7+ Nxd7 31.f4 Nc5 32.fxe5 fxe5 33.Rf1 g6 34.Ne2 Rd8 35.Rb1 Rd6
36.Rg1 Na6 37.Nc3 Nb4 38.Rg2 Rf6 39.Kd2 Rf1 40.Nd1 Rf6 41.Nb2 b5 42.c3 Na6
43.Nd3 Kd6 44.g4 hxg4 45.Rxg4 Nb8 46.Rg5 Nd7 47.h5 gxh5 48.Rxh5 Rg6 49.Ke3 Nf6
50.Rh3 Rg4 51.Nf2 Rg1 52.Rh6 Ke7 53.Rh8 Rg3+ 54.Kd2 Rf3  0-1

[Event "Open"]
[Site "Verona ITA"]
[Date "2007.01.06"]
[Round "6"]
[White "Miatello,A"]
[Black "La Manna,F"]
[Result "0-1"]
[WhiteElo "2057"]
[BlackElo "2119"]

1.e4 d6 2.d4 Nf6 3.Nc3 c6 4.e5 dxe5 5.dxe5 Qxd1+ 6.Nxd1 Nd5 7.c4 Nb6 8.Nc3 Be6
9.b3 g6 10.Bb2 Bg7 11.Ne4 N8d7 12.f4 Bf5 13.Ng3 a5 14.Nxf5 gxf5 15.Bd3 e6
16.Nf3 Bf8 17.O-O Bc5+ 18.Kh1 O-O 19.a3 Rfd8 20.Rad1 Be3 21.Nd4 Nxe5 22.Bxf5 Nexc4
23.bxc4 exf5 24.Nxf5 Nxc4 25.Bf6 Rxd1 26.Rxd1 Bd2 27.Nh6+ Kf8 28.Nf5 Re8
29.Bh4 b5 30.Nd6 Nxd6 31.Rxd2 Nc4 32.Rc2 a4 33.Rc3 Re2 34.Kg1 Ke8 35.Bf2 Kd7
36.Bc5 Ke6 37.Rh3 Ra2 38.g4 Kd5 39.Rh5+ Ke4 40.Rxh7 Kf3 41.Rh3+ Kxg4 42.Rh7 f5
43.Rg7+ Kxf4 44.h4 Ne3 45.Bxe3+ Kxe3 46.h5 Rd2 47.h6 Rd6 48.h7 Rh6 49.Re7+ Kd4
50.Re6 Rxh7 51.Rxc6 Re7 52.Rd6+ Kc4 53.Rc6+ Kb3 54.Rc5 Rb7 55.Rxf5 Kxa3 56.Rf3+ Kb2
57.Rf2+ Kc3  0-1

[Event "XXXII Open"]
[Site "Seville ESP"]
[Date "2007.01.08"]
[Round "2"]
[White "Korneev,O"]
[Black "Barrios Munoz,R"]
[Result "1-0"]
[WhiteElo "2606"]
[BlackElo "2098"]

1.e4 d6 2.d4 Nf6 3.Nc3 e5 4.Nf3 exd4 5.Nxd4 Be7 6.Bf4 O-O 7.Qd2 a6 8.O-O-O b5
9.f3 d5 10.exd5 Nxd5 11.Nc6 Nxc6 12.Qxd5 Bb7 13.Bd3 Qxd5 14.Nxd5 Bd6 15.Bxd6 cxd6
16.Be4 Rab8 17.Ne3 Nd8 18.Bxb7 Nxb7 19.Nf5 Rfe8 20.Nxd6 Nxd6 21.Rxd6 Re2
22.Rhd1 h6 23.R6d2 Rbe8 24.b3 Kh7 25.Rxe2 Rxe2 26.Rd2 Re6 27.Kb2 Rc6 28.c4 bxc4
29.Rc2 c3+ 30.Rxc3 Re6 31.b4 Kg6 32.a4 Kf5 33.b5 axb5 34.axb5 Rb6 35.Rc5+ Kf4
36.Kb3 Ke3 37.Kb4 Kf2 38.Rc2+ Ke3 39.Ka5  1-0

[Event "Petrovskaya Ladya IM"]
[Site "Peterhof RUS"]
[Date "2007.01.09"]
[Round "9"]
[White "Nadjezhdin,D"]
[Black "Levin,Ev"]
[Result "1/2-1/2"]
[WhiteElo "2238"]
[BlackElo "2393"]

1.e4 d6 2.d4 Nf6 3.Nc3 c6 4.a4 e5 5.Nf3 Nbd7 6.Bc4 Be7 7.O-O O-O 8.Re1 b6
9.b3 a6 10.Bb2 Bb7 11.Bd3 Re8 12.Ne2 exd4 13.Nexd4 Bf8 14.Nf5 g6 15.Nxd6 Bxd6
16.e5 Bb4 17.c3 Bf8 18.exf6 Rxe1+ 19.Nxe1 Nxf6 20.Qf3 Bg7 21.c4 Qe7 22.Nc2 c5
23.Qe2 Qxe2 24.Bxe2 Rd8 25.Rd1 Rxd1+ 26.Bxd1 Ne4 27.Bxg7 Kxg7 28.Ne3 Kf6
29.f4 Nc3 30.Kf2 Nxd1+ 31.Nxd1 Kf5 32.g3 Ke4 33.Ke2 Kd4 34.Kd2 Bf3 35.Nc3 f6
36.Nb1 h6 37.Nc3 h5 38.Nb1 Be4 39.Nc3 Bc6 40.Kc2 Ke3 41.Nd5+ Kf2 42.Kd2 Kg2
43.Ke3 Kxh2 44.Kf2 Bd7 45.Nxf6 Bf5 46.Nd5 Bc2 47.Nxb6 Bxb3 48.a5 Kh3 49.Nd7 Bxc4
50.Nxc5 Bb5 51.Nb3 Kg4 52.Nd4 Bc4 53.Kg2 Bd5+ 54.Kf2 h4 55.gxh4 Kxf4 56.Nc2 Bb7
57.Ne3 Be4 58.Nc4 Kg4 59.Ne5+ Kxh4 60.Nxg6+  1/2-1/2

[Event "4NCL 2006-07"]
[Site "Coventry ENG"]
[Date "2007.01.13"]
[Round "5"]
[White "Buckley,D"]
[Black "Shaw,J"]
[Result "0-1"]
[WhiteElo "2232"]
[BlackElo "2447"]

1.e4 d6 2.d4 Nf6 3.Nc3 e5 4.dxe5 dxe5 5.Qxd8+ Kxd8 6.Bc4 Ke8 7.Nf3 Bd6 8.Bg5 Nbd7
9.O-O-O a6 10.Nh4 h6 11.Be3 g6 12.f3 b5 13.Bb3 Bb7 14.Nd5 Rd8 15.g3 c6 16.Nxf6+ Nxf6
17.Rd2 Be7 18.Rxd8+ Bxd8 19.Rd1 Be7 20.Bb6 Bc8 21.Bc7 Nd7 22.Ng2 Rh7 23.Ne3 h5
24.h4 f6 25.Be6 Bc5 26.Kd2 Nf8 27.Bxc8 Rxc7 28.Bh3 Ke7 29.Ke2 Ra7 30.c3 a5
31.a4 bxa4 32.Ra1 a3 33.bxa3 Bxe3 34.Kxe3 Rb7 35.Ra2 Rb1 36.Kd3 Rg1 37.Bg2 Ne6
38.Rb2 Nc5+ 39.Kc4 Na4 40.Rb7+ Kd6 41.Bh3 f5 42.Rg7 Nb6+ 43.Kb3 Rxg3 44.Bxf5 Rxf3
45.Rxg6+ Kc5 46.a4 Rf2 47.Be6 Rf4 48.Rh6 Rxh4 49.Bf7 Nc8 50.Re6 Rxe4 51.Bxh5 Nd6
52.Re7 Re3 53.Ra7 Kb6 54.Re7 Ne4 55.Be8 Nxc3 56.Re6 Nb5+ 57.Kb2 Nd4  0-1

[Event "TCh-NOR 2006-7"]
[Site "Oslo NOR"]
[Date "2007.01.14"]
[Round "6"]
[White "Gabrielsen,S"]
[Black "Adnoy,H"]
[Result "0-1"]
[WhiteElo "2342"]
[BlackElo "2294"]

1.e4 d6 2.d4 Nf6 3.Nc3 e5 4.Nf3 Nbd7 5.Bc4 Be7 6.O-O O-O 7.a4 a5 8.Ba2 c6
9.Bg5 Ne8 10.Be3 Nc7 11.Qd2 Na6 12.Rad1 Nb4 13.Bb3 exd4 14.Bxd4 Qe8 15.Qf4 Nc5
16.Qg3 g6 17.Bxc5 dxc5 18.e5 Bf5 19.Qf4 Kg7 20.Ne4 Bxe4 21.Qxe4 f5 22.Qe3 Rd8
23.Qc3 b5 24.e6+ Kg8 25.Ne5 c4 26.Nd7 cxb3 27.Qxb3 Kg7 28.axb5 cxb5 29.c3 a4
30.Qa3 Na6 31.Qa2 Rh8 32.Qd5 Nb8 33.Qe5+ Kg8 34.Nf6+ Bxf6 35.Qxf6 Nc6 36.e7 Nxe7
37.Qe6+ Kg7 38.Rxd8 Qxd8 39.Re1 Nd5 40.Qe5+ Nf6 41.Qxb5 Re8 42.Rc1 Qd2 43.Rf1 Re1
44.Qb7+  0-1

[Event "Open A"]
[Site "Prague CZE"]
[Date "2007.01.15"]
[Round "5"]
[White "Bergsson,Sn"]
[Black "Heppell,I"]
[Result "1-0"]
[WhiteElo "2281"]
[BlackElo "2141"]

1.e4 d6 2.d4 Nf6 3.Nc3 Nbd7 4.f4 e5 5.Nf3 exd4 6.Nxd4 Nc5 7.Bd3 Bg4 8.Nf3 Be7
9.O-O c6 10.h3 Bxf3 11.Rxf3 d5 12.e5 Nfe4 13.Ne2 Qb6 14.Kh2 f5 15.a4 O-O
16.a5 Qc7 17.Nd4 Qd7 18.b4 Ne6 19.Nxf5 Rxf5 20.Bxe4 Rh5 21.c4 Rd8 22.Rd3 Rh4
23.cxd5 Nxf4 24.Bxf4 Rxf4 25.dxc6 Qc7 26.Rxd8+ Bxd8 27.cxb7 Bf6 28.Qd5+ Kh8  1-0

[Event "Open A"]
[Site "Prague CZE"]
[Date "2007.01.15"]
[Round "6"]
[White "Eisen,L"]
[Black "Heppell,I"]
[Result "1-0"]
[WhiteElo "2256"]
[BlackElo "2141"]

1.d4 d6 2.e4 Nf6 3.Nc3 Nbd7 4.g4 h6 5.Nf3 e5 6.g5 hxg5 7.Nxg5 Be7 8.Bc4 O-O
9.Be3 c6 10.Rg1 b5 11.Bb3 b4 12.Na4 d5 13.Qf3 dxe4 14.Qg2 Nh5 15.Nxf7 Rxf7
16.Qg6 Qe8 17.Qxh5 exd4 18.Bxd4 Nf6 19.Bxf6 Bxf6 20.O-O-O Qe7  1-0

[Event "Stone Flower A"]
[Site "Nizhnij Tagil RUS"]
[Date "2007.01.17"]
[Round "3"]
[White "Ovetchkin,R"]
[Black "Maletin,P"]
[Result "1/2-1/2"]
[WhiteElo "2534"]
[BlackElo "2527"]

1.e4 d6 2.d4 Nf6 3.Nc3 e5 4.dxe5 dxe5 5.Qxd8+ Kxd8 6.Bc4 Be6 7.Bxe6 fxe6
8.Be3 a6 9.O-O-O+ Nbd7 10.f3 Bd6 11.Nh3 Ke7 12.Nf2 b5 13.Rd2 Rhb8 14.Ne2 a5
15.Kb1 h6 16.Rhd1 a4  1/2-1/2

[Event "ch-GER"]
[Site "Koenigshofen GER"]
[Date "2007.01.19"]
[Round "1"]
[White "Graf,A"]
[Black "Reinhardt,B"]
[Result "1-0"]
[WhiteElo "2610"]
[BlackElo "2347"]

1.d4 d6 2.e4 Nf6 3.Nc3 e5 4.dxe5 dxe5 5.Qxd8+ Kxd8 6.Bc4 Be6 7.Bxe6 fxe6
8.f3 Nc6 9.Be3 Bd6 10.Nh3 Rf8 11.Rd1 Ke7 12.Ke2 h6 13.Nb1 Rad8 14.c3 a6 15.Nf2 Nd7
16.Nd3 Na5 17.Nd2 b5 18.b4 Nb7 19.a4 c5 20.Ra1 Ra8 21.Ra2 cxb4 22.cxb4 a5
23.axb5 axb4 24.Rha1 Rxa2 25.Rxa2 Rb8 26.Rb2 Na5 27.Nxb4 Nc5 28.Ra2 Nxe4
29.Nxe4 Bxb4 30.Ra4  1-0

[Event "GM"]
[Site "Marianske Lazne CZE"]
[Date "2007.01.19"]
[Round "1"]
[White "Zawadzka,J"]
[Black "Neuman,P"]
[Result "1-0"]
[WhiteElo "2350"]
[BlackElo "2413"]

1.e4 d6 2.d4 Nf6 3.Nc3 e5 4.Nf3 Nbd7 5.Bc4 Be7 6.O-O O-O 7.Re1 c6 8.a4 b6
9.d5 cxd5 10.Nxd5 Bb7 11.b3 Rc8 12.Re2 Rc5 13.Ba3 Bxd5 14.exd5 Rc7 15.Qe1 Nc5
16.Rd1 Ne8 17.Bb5 f5 18.Bxe8 Rxe8 19.Bb2 Rc8 20.Qb4 Qd7 21.Rde1 Qb7 22.Qd2 Ne4
23.Qd3 g6 24.c4 Bf6 25.Nd2 Nc5 26.Qb1 Qg7 27.f3 Re7 28.Ba3 a5 29.Qc2 Rce8
30.Kh1 Qh6 31.g3 Bg5 32.Nb1 Qh5 33.Qc3 Kf7 34.Bxc5 bxc5 35.Na3 e4 36.Nb5 exf3
37.Re6  1-0

[Event "ch-Kyiv"]
[Site "Kyiv UKR"]
[Date "2007.01.20"]
[Round "1"]
[White "Semenova,L"]
[Black "Manilyk,A"]
[Result "0-1"]
[WhiteElo "2270"]
[BlackElo "2105"]

1.e4 d6 2.d4 Nf6 3.Nc3 c6 4.f4 Qa5 5.Bd2 Qb6 6.Nf3 Bg4 7.h3 Bxf3 8.Qxf3 Qxd4
9.O-O-O Nbd7 10.g4 h6 11.Rh2 e6 12.Be3 Qb4 13.Rhd2 Be7 14.Bg2 Qa5 15.Qf1 O-O-O
16.Rd4 Nc5 17.e5 Nd5 18.Bxd5 exd5 19.R4d2 Rhe8 20.a3 f6 21.exf6 Bxf6 22.Bd4 Bxd4
23.Rxd4 Re3 24.f5 Rxc3 25.bxc3 Qxa3+ 26.Kb1 Ne4 27.Rxe4 dxe4 28.Qc4 Re8 29.Qf7 Re5
30.c4 Qb4+ 31.Kc1 e3 32.Qf8+ Kc7 33.Qxg7+ Kb6 34.c5+ Ka6 35.Rxd6 Qc3 36.Kb1 e2
37.Qxh6 e1=Q+  0-1

[Event "TCh-AUT 2006-7"]
[Site "Leoben AUT"]
[Date "2007.01.20"]
[Round "6"]
[White "Schmittdiel,E"]
[Black "Bezold,M"]
[Result "1/2-1/2"]
[WhiteElo "2413"]
[BlackElo "2534"]

1.e4 d6 2.d4 Nf6 3.Nc3 e5 4.Nf3 Nbd7 5.Bc4 Be7 6.O-O O-O 7.Re1 c6 8.dxe5 Nxe5
9.Be2 Re8 10.Qd4 Qc7 11.Bf4 Ng6 12.Bg3 Nh5 13.Rad1 Nxg3 14.hxg3 b5 15.Nh2 a6
16.f4 Bb7 17.Bf3 Rad8 18.a3 Nf8 19.Ng4 Nd7 20.Kh2 Nb6 21.e5 Rf8 22.exd6 Bxd6
23.Ne4 Be7  1/2-1/2

[Event "Stone Flower A"]
[Site "Nizhnij Tagil RUS"]
[Date "2007.01.20"]
[Round "7"]
[White "Ovetchkin,R"]
[Black "Lysyj,I"]
[Result "1/2-1/2"]
[WhiteElo "2534"]
[BlackElo "2576"]

1.e4 d6 2.d4 Nf6 3.Nc3 e5 4.Nf3 Nbd7 5.Bc4 Be7 6.O-O O-O 7.Re1 c6 8.a4 b6
9.h3 Bb7 10.b3 a6 11.Bb2 Re8 12.Bd3 Bf8 13.Qd2 Qc7 14.Rad1 g6  1/2-1/2

[Event "Corus B"]
[Site "Wijk aan Zee NED"]
[Date "2007.01.20"]
[Round "7"]
[White "Bologan,V"]
[Black "Eljanov,P"]
[Result "1/2-1/2"]
[WhiteElo "2658"]
[BlackElo "2675"]

1.e4 d6 2.d4 Nf6 3.Nc3 e5 4.Nf3 Nbd7 5.Bc4 Be7 6.O-O O-O 7.Re1 c6 8.a4 b6
9.Bg5 a6 10.Bxf6 Bxf6 11.d5 c5 12.Be2 g6 13.Nd2 Be7 14.Bg4 h5 15.Bh3 Rb8
16.Nc4 h4 17.Qd3 Nf6 18.Bxc8 Qxc8 19.Rab1 Nh5 20.Ne2 f5 21.exf5 gxf5 22.f4 e4
23.Qd2 Qd7 24.Ne3 Ng7 25.b4 Qxa4 26.Ra1 Qxb4 27.Qxb4 cxb4 28.Rxa6 b5 29.Rb1 Bd8
30.Rxd6 Bb6 31.Rxb6 Rxb6 32.Rxb4 Rfb8 33.Nd4 Kf7 34.Nc6 Ra8 35.Nc4 Rxc6 36.Ne5+ Kf6
37.dxc6 Ne6 38.Rxb5 Nxf4 39.Nd7+ Ke6 40.Re5+ Kd6 41.Rxf5 Ne6 42.Rf6 Ke7 43.Rf1 Ra2
44.Nf6 Rxc2 45.Nxe4 Rxc6 46.h3 Rc2 47.Rf5 Rb2 48.Kh2 Rc2 49.Kg1 Rc1+ 50.Kh2 Rc2
51.Nf6 Rc4 52.Ng4 Ng7 53.Ra5 Rb4 54.Ra7+ Kf8 55.Ne5 Kg8 56.Nc6 Rf4 57.Ne7+ Kh7
58.Nd5 Rd4 59.Ne3 Rf4 60.Ra6 Ne8 61.Ng4 Kg7 62.Kg1 Nf6 63.Nxf6 Rxf6 64.Ra4 Rh6
65.Kf2 Rh8 66.Kf3 Kf6 67.Rg4 Kf5 68.Ke3 Re8+ 69.Kf3 Rh8 70.Kf2 Kf6 71.Ke3 Kf5
72.Kf3 Rh7 73.Ke3 Rh8 74.Kd4 Rd8+ 75.Kc5 Rd2 76.Kc4 Rf2 77.Kd5 Rd2+ 78.Kc6 Ke6
79.Kc5 Kf5 80.Kc4 Rf2 81.Rg8 Ke4 82.Kc5 Rd2 83.Kc4 Rc2+ 84.Kb3 Rf2 85.Kc3 Rf4
86.Kd2 Kf5 87.Kd3 Ra4 88.Ke3 Rb4 89.Kf3 Rb3+ 90.Kf2 Rb4 91.Rc8 Rb2+ 92.Kg1 Rb1+
93.Kh2 Kg5  1/2-1/2

[Event "ch-GER"]
[Site "Koenigshofen GER"]
[Date "2007.01.21"]
[Round "3"]
[White "Schellmann,F"]
[Black "Reinhardt,B"]
[Result "0-1"]
[WhiteElo "2107"]
[BlackElo "2347"]

1.e4 d6 2.d4 Nf6 3.Nc3 Nbd7 4.Nf3 e5 5.Bc4 Be7 6.O-O O-O 7.Re1 c6 8.a4 b6
9.d5 cxd5 10.Nxd5 Bb7 11.b3 Rc8 12.Re2 Nxd5 13.Bxd5 Bxd5 14.Qxd5 Nf6 15.Qd1 d5
16.exd5 e4 17.Ne5 Nxd5 18.Bb2 e3 19.fxe3 Bc5 20.Nc4 Re8 21.Kh1 Qg5 22.Rd2 Nxe3
23.Nxe3 Qxe3 24.h3 Qe4 25.Rd3 Rc7 26.Rg3 g6 27.Qf1 f5 28.Rd3 Rce7 29.Rad1 a5
30.Rd7 Rxd7 31.Rxd7 Qe1 32.Qxe1 Rxe1+ 33.Kh2 f4 34.h4 h5  0-1

[Event "Open"]
[Site "Marianske Lazne CZE"]
[Date "2007.01.21"]
[Round "2"]
[White "Klaric,Zo"]
[Black "Turner,Ja"]
[Result "0-1"]
[WhiteElo "2081"]
[BlackElo "2386"]

1.d4 d6 2.e4 Nf6 3.Nc3 e5 4.dxe5 dxe5 5.Qxd8+ Kxd8 6.Bc4 Be6 7.Bxe6 fxe6
8.Be3 Bd6 9.f3 a6 10.O-O-O Ke7 11.Nh3 Nbd7 12.Nf2 b5 13.g4 Rhf8 14.h4 Rf7
15.Nh3 h6 16.g5 Ng8 17.Rhf1 Raf8 18.Ng1 Ke8 19.Rf2 h5 20.Rfd2 Ne7 21.Rxd6 cxd6
22.Rxd6 Nb8 23.Bc5 Nbc6 24.Rxe6 Kd7 25.Rd6+ Kc7 26.Nd5+ Nxd5 27.exd5 Nb8
28.Re6 Rc8 29.Bd6+ Kb7 30.Bxe5 Nd7 31.Bd6 Nb6 32.Ne2 Nxd5 33.Ng3 Rxf3 34.Nxh5 Rf2
35.c3 b4 36.Be5 bxc3 37.Bxc3 Nxc3 38.bxc3 Rxc3+ 39.Kb1 Rh3 40.Re1 g6 41.Nf6 Rxh4
42.Ng8 Rb4+ 43.Ka1 Rg2  0-1

[Event "Stone Flower A"]
[Site "Nizhnij Tagil RUS"]
[Date "2007.01.23"]
[Round "10"]
[White "Andreev,Ed UKR"]
[Black "Maletin,P"]
[Result "1/2-1/2"]
[WhiteElo "2442"]
[BlackElo "2527"]

1.e4 d6 2.d4 Nf6 3.Nc3 e5 4.Nf3 Nbd7 5.Bc4 Be7 6.O-O O-O 7.Re1 c6 8.a4 a5
9.h3 h6 10.Be3 Nh7 11.Qe2 Ng5 12.Rad1 Nxf3+ 13.Qxf3 Bf6 14.d5 Qe7 15.Rd2 c5
16.g3 Nb6 17.Bf1 Bd7 18.b3 Bg5 19.h4 Bxe3 20.Qxe3 f5 21.exf5 Bxf5 22.Bg2 Nd7
23.Ne4 Nf6 24.Nxf6+ Qxf6  1/2-1/2

[Event "ch-SER Qualification"]
[Site "Belgrade SER"]
[Date "2007.01.24"]
[Round "2"]
[White "Bojkovic,N"]
[Black "Tadic,B"]
[Result "1/2-1/2"]
[WhiteElo "2397"]
[BlackElo "2496"]

1.e4 d6 2.d4 Nf6 3.Nc3 e5 4.Nf3 exd4 5.Qxd4 Be7 6.Bb5+ Nbd7 7.O-O O-O 8.Re1 c6
9.Bf1 Ng4 10.Bf4 d5 11.Qd2 Bc5 12.Bg3 Nb6 13.Rad1 Be6 14.exd5 cxd5 15.h3 Nh6
16.Bd3 Rc8 17.Qf4 Qf6 18.Qxf6 gxf6 19.Bh4 Kg7 20.Ne2 Bf5 21.Nf4 Bg6 22.g4 d4
23.Be4 Rfd8 24.Bxb7 Rb8 25.Be4 Nc4 26.Bxg6 hxg6 27.Nd3 Bb6 28.Re2 g5 29.Bg3 Rb7
30.Nd2 Nxd2 31.Rdxd2 Ng8 32.Re4 Ne7 33.h4 Rd5 34.Rde2 Bd8 35.hxg5 fxg5 36.Be5+ f6
37.Bxd4 Ng6 38.Bc3 Nh4 39.f4 Ba5 40.Bxa5 Rxa5 41.a3 gxf4 42.Nxf4 Rxb2 43.Rb4 Ra2  1/2-1/2

[Event "ch-GER"]
[Site "Koenigshofen GER"]
[Date "2007.01.26"]
[Round "8"]
[White "Tabatt,H"]
[Black "Reinhardt,B"]
[Result "1-0"]
[WhiteElo "2228"]
[BlackElo "2347"]

1.e4 d6 2.d4 Nf6 3.Nc3 Nbd7 4.f4 e5 5.Nf3 Be7 6.Bc4 O-O 7.dxe5 dxe5 8.fxe5 Ng4
9.e6 Nde5 10.exf7+ Kh8 11.Qxd8 Bxd8 12.Nxe5 Nxe5 13.Bb3 Bh4+ 14.g3 Bd8 15.Be3 b6
16.O-O-O Bh3 17.Bf4 Nxf7 18.e5 g5 19.Be3 Nxe5 20.Bd4 Bf6 21.Ne4 c5 22.Bc3 Bg7
23.Nxg5 Bg4 24.Ne6 Bxe6 25.Bxe6 Rae8 26.Bd7 Re7 27.Bb5 Nf3 28.Bxg7+ Kxg7
29.Rdf1 Rf6 30.Rf2 Ref7 31.c3 Kh6 32.Rhf1 Kg5 33.Be2 Nxh2 34.Rxf6 Rxf6 35.Rxf6 Kxf6
36.Kd2 Ke5 37.Ke3 h6 38.b4 Kf5 39.bxc5 bxc5 40.Kd3 Ng4 41.Kc4 Nf2 42.Bf3 Nh3
43.Kxc5 Ng5 44.Bd5  1-0

[Event "12th HIT Open A"]
[Site "Nova Gorica SLO"]
[Date "2007.01.26"]
[Round "1"]
[White "Krivec,J"]
[Black "Jovanovic,Zo CRO"]
[Result "0-1"]
[WhiteElo "2316"]
[BlackElo "2557"]

1.e4 d6 2.d4 Nf6 3.Nc3 e5 4.Nf3 exd4 5.Nxd4 Be7 6.Bf4 O-O 7.Qd2 c6 8.O-O-O b5
9.f3 b4 10.Nce2 c5 11.Nf5 Bxf5 12.exf5 d5 13.g4 d4 14.Ng3 Nd5 15.Ne4 Qa5
16.Kb1 Nc3+ 17.Nxc3 bxc3 18.Qe2 Bd6 19.Bxd6 Qb6 20.b3 Qxd6 21.Qc4 Rd8 22.g5 Nc6
23.f4 Qxf4 24.g6 Qd6 25.gxh7+ Kh8 26.Qxf7 Ne5 27.Qe6 c4 28.Qxd6 Rxd6 29.Bg2 Rad8
30.Rhe1 Ng4 31.bxc4 Rb8+ 32.Ka1 Rb2 33.Rb1 Ne3  0-1

[Event "Open"]
[Site "Moscow RUS"]
[Date "2007.01.27"]
[Round "1"]
[White "Kalashnikov,K"]
[Black "Konenkin,D"]
[Result "1-0"]
[WhiteElo "2384"]
[BlackElo "2319"]

1.e4 d6 2.d4 Nf6 3.Nc3 e5 4.Nf3 Nbd7 5.Be2 Be7 6.O-O O-O 7.Re1 c6 8.a4 b6
9.Bg5 h6 10.Bxf6 Bxf6 11.d5 c5 12.Nd2 a6 13.Nc4 Be7 14.Ra3 Rb8 15.Rb3 Qc7
16.Bg4 g6 17.Qd3 Bf6 18.Qf1 Bg7 19.Ne3 Nf6 20.Bxc8 Qxc8 21.Nc4 Qd8 22.Qe2 Ne8
23.Ne3 Nc7 24.Ra1 Qd7 25.Ncd1 f5 26.Nc4 b5 27.Na5 fxe4 28.Nc6 Ra8 29.Qxe4 Kh7
30.Rg3 Qf5 31.f3 Qxe4 32.fxe4 Rf4 33.Re3 Raf8 34.Re1 b4 35.Na5 R8f7 36.g3 Rf3
37.Nc4 Ne8 38.Nde3 h5 39.Rf1 Bh6 40.Ng2 Bf8 41.Rxf3 Rxf3 42.Nh4 Rf7 43.Kg2 Be7
44.Nf3 Kh6 45.Re1 Nf6 46.Re2 Ng4 47.Ne1 Kg7 48.Nd3 Bf8 49.Re1 Nf6 50.Nf2 Nh7
51.h4 Rd7 52.Rb1 Rb7 53.Na5 Rb6 54.Kf3 Be7 55.Rd1 Kf7 56.Rd3 g5 57.hxg5 Nxg5+
58.Kg2 Nh7 59.Rb3 Bg5 60.Nc4 Rb8 61.Nxd6+ Ke7 62.Nc4 Bf6 63.Nd3 Ng5 64.Ndxe5 Rg8
65.Nc6+ Ke8 66.e5  1-0

[Event "Open"]
[Site "Moscow RUS"]
[Date "2007.01.27"]
[Round "1"]
[White "Velikhanli,F"]
[Black "Chuprov,D"]
[Result "0-1"]
[WhiteElo "2304"]
[BlackElo "2534"]

1.e4 d6 2.d4 Nf6 3.Nc3 c6 4.f4 Qa5 5.Bd3 e5 6.Nf3 exd4 7.Nxd4 g6 8.O-O Bg7
9.Nb3 Qc7 10.h3 O-O 11.Be3 Nbd7 12.a4 b6 13.Qf3 Bb7 14.Rae1 Rae8 15.Bf2 a6
16.Bg3 c5 17.Nd2 Nh5 18.Bh2 f5 19.Nd5 Bxd5 20.exd5 Qb7 21.Nc4 Rxe1 22.Rxe1 b5
23.axb5 axb5 24.Nxd6 Qb6 25.Nxf5 c4+ 26.Kh1 cxd3 27.Nxg7 d2 28.Rd1 Nxg7 29.Rxd2 Re8
30.Re2 Rxe2 31.Qxe2 Qc5 32.Qd3 Nf5 33.b3 Nf6 34.c4 Qf2 35.Bg1 Qxf4 36.g4 Nd6
37.cxb5 Qe4+ 38.Qxe4 Nfxe4 39.b6 Kf7 40.Kg2 Nf6 41.Bh2 Nb7 42.Kf3 Nxd5 43.Bg1 Ke6
44.Bd4 Nd8 45.h4 Nc6 46.Bc5 Ne5+ 47.Ke4 Nd7 48.b4 N7xb6 49.h5 Nd7 50.Bd4 Nxb4
51.hxg6 hxg6 52.Kf4 Kf7 53.Kg5 Nc6 54.Bb2 Nd8 55.Ba1 Ne6+ 56.Kh4 Ke7 57.Kg3 Kd6
58.Bb2 Kd5 59.Bc1 Ke4 60.Bh6 Ne5 61.Bc1 Nd4 62.Bh6 Ne2+ 63.Kh4 Nf3+ 64.Kh3 Nfd4
65.Kh4 Ne6 66.Bd2 Kf3 67.Bh6 Ng1 68.Bc1 Kg2  0-1

[Event "GM"]
[Site "Geneve SUI"]
[Date "2007.01.28"]
[Round "9"]
[White "Kurmann,O"]
[Black "Maze,S"]
[Result "0-1"]
[WhiteElo "2435"]
[BlackElo "2506"]

1.e4 d6 2.d4 Nf6 3.Nc3 Nbd7 4.Nf3 e5 5.Bc4 Be7 6.O-O O-O 7.Re1 c6 8.a4 a5
9.h3 exd4 10.Qxd4 Nc5 11.e5 dxe5 12.Qxd8 Rxd8 13.Nxe5 Be6 14.Ne2 Bd6 15.Nd4 Bd5
16.Bxd5 Nxd5 17.Nc4 Bc7 18.b3 Nb4 19.Bb2 g6 20.Re2 Re8 21.Rae1 Rxe2 22.Rxe2 Kf8
23.Kf1 Rb8 24.g3 h5 25.h4 Re8 26.Bc1 Ne4 27.Kg2 f5 28.Nd2 Bb6 29.Nxe4 Bxd4
30.c3 Rxe4 31.Rxe4 fxe4 32.cxd4 Nc2 33.Bb2 Ke7 34.Bc3 Ke6 35.Bxa5 Nxd4 36.b4 Kd5
37.g4 Kc4 38.gxh5 gxh5 39.Kg3 Ne2+ 40.Kg2 Nf4+ 41.Kg3 Nd3 42.f4 Kd5 43.b5 cxb5
44.axb5 Ke6 45.Bc7 Kf5 46.Bb8 Nb4 47.Bd6 Nd5 48.Be5 Ke6 49.Bb8 Nc3 50.Kf2 Nxb5
51.Ke3 Kf5 52.Be5 Na7 53.Bd4 Nc6 54.Bb6 Ne7  0-1

[Event "12th HIT Open A"]
[Site "Nova Gorica SLO"]
[Date "2007.01.28"]
[Round "4"]
[White "Martinovic,Sa"]
[Black "Srebrnic,A"]
[Result "1-0"]
[WhiteElo "2378"]
[BlackElo "2245"]

1.d4 d6 2.e4 Nf6 3.Nc3 e5 4.Nf3 Nbd7 5.g4 g6 6.g5 Nh5 7.Be3 c6 8.Qd2 Qc7
9.O-O-O Be7 10.Be2 Nb6 11.h4 O-O 12.Nh2 Ng7 13.f4 exf4 14.Bxf4 Ne6 15.Be3 Ng7
16.d5 cxd5 17.Bxb6 Qxb6 18.Nxd5 Qd8 19.Rhf1 Ne8 20.Qc3 Be6 21.Ng4 h5 22.gxh6 Bxg4
23.Bxg4 Kh7 24.h5 Bg5+ 25.Kb1 Bxh6 26.hxg6+ fxg6 27.Rxf8 Bxf8 28.Rh1+ Bh6
29.Qd2  1-0

[Event "ch-Kyiv"]
[Site "Kyiv UKR"]
[Date "2007.01.30"]
[Round "11"]
[White "Semenova,L"]
[Black "Karnaukh,A"]
[Result "1/2-1/2"]
[WhiteElo "2270"]
[BlackElo "2253"]

1.e4 d6 2.d4 Nf6 3.Nc3 e5 4.Nge2 Be7 5.h3 c6 6.Be3 b5 7.dxe5 dxe5 8.Qxd8+ Bxd8
9.Ng3 O-O 10.a4 b4 11.Na2 a5 12.Nc1 Be6 13.Nb3 Nbd7 14.Be2 g6 15.O-O Be7
16.Nd2 Nc5 17.f3 Nfd7 18.b3 Nb6 19.Rac1 Rfd8 20.Nh1 f5 21.exf5 gxf5 22.Rcd1 Nd5
23.Bh6 f4 24.Nc4 Nc3 25.Rde1 Nxe2+ 26.Rxe2 Bxc4 27.bxc4 Nxa4 28.Rxe5 Bc5+
29.Kh2 Be3 30.Rg5+ Kf7 31.Rg7+ Ke6 32.Nf2 Nc3 33.Nd3 b3 34.Nxf4+ Bxf4+ 35.Bxf4 Kf6
36.cxb3 Kxg7 37.Be5+ Kf7 38.Bxc3 Rd3 39.Rc1 Rb8 40.Bxa5 Rbxb3 41.c5 Rb5 42.Bc7 Rb2
43.Kg3 Rdd2 44.Rg1 Rbc2 45.Bd6 Re2 46.f4 Kg6 47.Kh2 Kf5 48.Kh1 Ke4 49.Kh2 Rf2
50.Re1+ Kd3 51.Rg1 Rcd2 52.Kg3 Kd4 53.Kh2 Kd5 54.Kg3 Ke6 55.Kh2 Kf5 56.Kg3 Rc2
57.Kh2 h5 58.Kg3 Rce2 59.Kh4 Rxg2 60.Rxg2 Rxg2 61.Kxh5 Rg8 62.Be5 Rg6 63.Kh4  1/2-1/2

[Event "Open"]
[Site "Moscow RUS"]
[Date "2007.01.30"]
[Round "4"]
[White "Sjugirov,S"]
[Black "Loginov,An"]
[Result "1-0"]
[WhiteElo "2396"]
[BlackElo "2243"]

1.e4 d6 2.d4 Nf6 3.Nc3 e5 4.Nf3 Nbd7 5.Bc4 Be7 6.O-O O-O 7.Qe2 c6 8.a4 Qc7
9.Rd1 h6 10.h3 Re8 11.Ba2 Bf8 12.Be3 exd4 13.Rxd4 Nc5 14.Bf4 Nfd7 15.Rd2 Ne5
16.Nd4 Ng6 17.Bg3 Qb6 18.Qf3 Ne6 19.Bb3 Ne5 20.Bxe5 dxe5 21.Nf5 Qc7 22.Rad1 Kh8
23.Ne2 Ng5 24.Qe3 Qb6 25.Neg3 g6 26.Qxb6 axb6 27.Ne3 Ne6 28.Nc4 Bc5 29.Nxe5 Kg7
30.Nd7 Ng5 31.e5 Re7 32.Nxc5 bxc5 33.f4 Nh7 34.Rd8 c4 35.Bxc4 Rxa4 36.Bb3 Ra8
37.Ne4 b6 38.Nd6 Bg4 39.Rxa8 Bxd1 40.Ne8+  1-0

[Event "Open"]
[Site "Moscow RUS"]
[Date "2007.01.30"]
[Round "4"]
[White "Arslanov,S"]
[Black "Prokopchuk,E"]
[Result "0-1"]
[WhiteElo "2192"]
[BlackElo "2516"]

1.e4 d6 2.d4 Nf6 3.Nc3 e5 4.dxe5 dxe5 5.Qxd8+ Kxd8 6.Bg5 Be6 7.O-O-O+ Nd7
8.f4 exf4 9.Nf3 Kc8 10.Bxf4 Nh5 11.Be3 Bc5 12.Bxc5 Nxc5 13.Ng5 Re8 14.Nxe6 fxe6
15.Bc4 Nd7 16.Rhf1 Nhf6 17.g4 Ne5 18.g5 Nfd7 19.Bb3 a6 20.a4 Kd8 21.Ne2 Ke7
22.Nf4 Nc5 23.Bxe6 Nxe6 24.Nd5+ Kd6 25.Nb4+ Kc5 26.Rd5+ Kxb4 27.Rxe5 Kxa4
28.b3+ Kb4 29.Kb2 c5 30.Rf7 b6 31.h4 a5 32.h5 a4 33.bxa4 Kxa4 34.h6 gxh6
35.gxh6 Nd4 36.Rxe8 Rxe8 37.c4 Rxe4 38.Kc3 Re3+  0-1